000 00335nam a22001217a 4500
008 230629b xxu||||| |||| 00| 0 eng d
082 _a346.73
_bDEG 1997
245 _aWomen's Rights Law Reporter
260 _bWomen's Rights Law Reporter-The State University of New Jersey
_c1997
300 _a262p
440 _n2
_v18
942 _2ddc
_cBK
999 _c3131
_d3131